Super Mario Party Jamboree Roster - Statistics

General Stats
  • This quiz has been taken 106 times
  • The average score is 19 of 22
Answer Stats
Answer % Correct
Daisy
100%
Luigi
100%
Mario
100%
Peach
100%
Bowser
99%
Donkey Kong
97%
Yoshi
94%
Waluigi
93%
Wario
93%
Toad
91%
Bowser Jr.
90%
Goomba
87%
Rosalina
87%
Boo
86%
Toadette
86%
Birdo
81%
Koopa Troopa
80%
Pauline
79%
Ninji
76%
Shy Guy
69%
Monty Mole
66%
Spike
66%
No matching quizzes found
Score Distribution
Percent of People with Each Score
Percentile by Number Answered
Your Score History
You have not taken this quiz